La muñeca (Record no. 170989)

MARC details
000 -LEADER
campo de control de longitud fija 00747nam a22001575i 4500
001 - NÚMERO DE CONTROL
campo de control 170989
003 - IDENTIFICADOR DE NÚMERO DE CONTROL
campo de control ES-MaACL
005 - FECHA Y HORA DE LA ÚLTIMA TRANSACCIÓN
campo de control 20230906214519.0
008 - DATOS DE LONGITUD FIJA--INFORMACIÓN GENERAL
campo de control de longitud fija 090421s1878 sp |||| | spa d
100 1# - ENTRADA PRINCIPAL--NOMBRE DE PERSONA
Nombre de persona Escamilla, Pedro.
9 (RLIN) 139872
245 13 - MENCIÓN DEL TÍTULO
Título La muñeca
Resto del título : juguete cómico hasta cierto punto original, en un acto y en prosa /
Mención de responsabilidad, etc. de Pedro Escamilla.
260 ## - PUBLICACIÓN, DISTRIBUCIÓN, ETC.
Lugar de publicación, distribución, etc. Madrid :
Nombre del editor, distribuidor, etc. [s.n.],
Fecha de publicación, distribución, etc. 1878 (
Fabricante Imp. de José Rodríguez)
300 ## - DESCRIPCIÓN FÍSICA
Extensión 54 p. ;
Dimensiones 18 cm.
500 ## - NOTA GENERAL
Nota general En port.: Estrenado con extraordinario éxito en el teatro Eslava la noche del 24 de octubre de 1878.
852 ## - LOCALIZACIÓN
Ubicación ES-MaACL
Número de control de estantería F-8576(5)
Nota libre .- Enc. pasta española
condición física .- Falto de la cub. original
Nota libre .- Enc. en un vol. facticio formando parta de la Col. "Teatro español moderno" vol. 29
Holdings
Estatus retirado Estado de pérdida Estado de daño No para préstamo Colección Biblioteca de origen Biblioteca actual Ubicación en estantería Fecha de adquisición Fuente de adquisición Total de préstamos Signatura topográfica completa Código de barras Visto por última vez Precio de reemplazo Tipo de ítem Koha
        Libros del s. XIX Biblioteca del Ateneo de Madrid Biblioteca del Ateneo de Madrid Sala Pecera Planta 2 21/04/2009     F-8576(5) 1179453 23/02/2023 23/02/2023 Libro impreso antiguo